[Event "Mauricie op"]
[Site "Trois-Rivieres CAN"]
[Date "2011.03.19"]
[Round "3"]
[White "Johnson, Jesse Jr"]
[Black "Carrier, Claude"]
[Result "1/2-1/2"]
[WhiteElo "2084"]
[BlackElo "1941"]
[PlyCount "57"]
[GameId "2160767909787382"]
[EventDate "2011.03.18"]
[EventType "swiss"]
[EventRounds "5"]
[EventCountry "CAN"]
[SourceTitle "EXT 2022"]
[Source "ChessBase"]
[SourceDate "2021.10.06"]
[SourceVersion "1"]
[SourceVersionDate "2021.10.06"]
[SourceQuality "1"]

1. d4 Nf6 2. Bf4 g6 3. Nc3 d5 4. e3 Bg7 5. Nge2 O-O 6. Ng3 b6 7. Qd2 c5 8. O-O-O Bb7 9. f3 a6 10. h4 h5 11. Kb1 Nbd7 12. Rg1 b5 13. Nh1 b4 14. Ne2 a5 15. Nf2 c4 16. c3 Qb6 17. g4 bxc3 18. Nxc3 a4 19. a3 Rfe8 20. e4 dxe4 21. gxh5 Nxh5 22. Bxc4 e5 23. dxe5 Nxf4 24. Qxf4 Nxe5 25. Rd7 Qxf2 26. Rxg6 Qxf3 27. Bxf7+ Nxf7 28. Rxf7 Qxf4 29. Rgxg7+ 1/2-1/2

[Event "Mauricie op"]
[Site "Trois-Rivieres CAN"]
[Date "2011.03.19"]
[Round "3"]
[White "Lebeau, Gilbert"]
[Black "Laptos, Krzysztof"]
[Result "0-1"]
[WhiteElo "2034"]
[BlackElo "2267"]
[PlyCount "68"]
[GameId "2160767909787383"]
[EventDate "2011.03.18"]
[EventType "swiss"]
[EventRounds "5"]
[EventCountry "CAN"]
[SourceTitle "EXT 2022"]
[Source "ChessBase"]
[SourceDate "2021.10.06"]
[SourceVersion "1"]
[SourceVersionDate "2021.10.06"]
[SourceQuality "1"]

1. d4 d6 2. c4 e5 3. dxe5 dxe5 4. Qxd8+ Kxd8 5. e4 Be6 6. Nf3 f6 7. Nc3 Nd7 8. Bd2 c6 9. O-O-O Bc5 10. Be1 Kc7 11. Na4 Be7 12. Kb1 Nh6 13. h3 Nf7 14. Bd3 Rhd8 15. b3 a5 16. Bc3 Nc5 17. Nxc5 Bxc5 18. Rhf1 a4 19. Bc2 Rxd1+ 20. Bxd1 axb3 21. axb3 Nd6 22. Nd2 Bd4 23. Bb2 b5 24. Bxd4 exd4 25. c5 Nb7 26. b4 Nd8 27. f4 Ba2+ 28. Kb2 Bc4 29. Re1 Ra2+ 30. Kc1 d3 31. e5 fxe5 32. Rxe5 Ra1+ 33. Nb1 Ne6 34. Bg4 Nxf4 0-1

[Event "Mauricie op"]
[Site "Trois-Rivieres CAN"]
[Date "2011.03.19"]
[Round "3"]
[White "Lepine, Cedric"]
[Black "Larochelle, Martial"]
[Result "0-1"]
[WhiteElo "1945"]
[BlackElo "2140"]
[PlyCount "94"]
[GameId "2160767909787384"]
[EventDate "2011.03.18"]
[EventType "swiss"]
[EventRounds "5"]
[EventCountry "CAN"]
[SourceTitle "EXT 2022"]
[Source "ChessBase"]
[SourceDate "2021.10.06"]
[SourceVersion "1"]
[SourceVersionDate "2021.10.06"]
[SourceQuality "1"]

1. d4 f5 2. g3 Nf6 3. Bg2 g6 4. c4 Bg7 5. Nc3 O-O 6. Nf3 d6 7. Bf4 Nc6 8. Qd2 Ne4 9. Nxe4 fxe4 10. Ng5 Nxd4 11. O-O e5 12. Be3 Bh6 13. Bxe4 Nxe2+ 14. Qxe2 Bxg5 15. f4 exf4 16. Bd5+ Kg7 17. Bd4+ Bf6 18. Bxf6+ Rxf6 19. Rae1 c6 20. Bg2 Be6 21. Rxf4 Rxf4 22. gxf4 Bf7 23. b3 Qf6 24. Qd2 Rd8 25. Qa5 Qd4+ 26. Kh1 Rd7 27. Bh3 b6 28. Qg5 Qc3 29. Qh4 Rc7 30. f5 Qf6 31. Qg3 Re7 32. Rc1 g5 33. Bg2 d5 34. cxd5 Bxd5 35. Bxd5 cxd5 36. Qd3 d4 37. Qc4 Rd7 38. Qb5 Rd8 39. Rf1 h5 40. Qc4 Kh6 41. Qe2 g4 42. Qd2+ Qg5 43. Rf4 d3 44. Qc3 d2 45. Rd4 d1=Q+ 46. Rxd1 Rxd1+ 47. Kg2 Qd2+ 0-1

[Event "Mauricie op"]
[Site "Trois-Rivieres CAN"]
[Date "2011.03.19"]
[Round "3"]
[White "Qin, Zi Yi (Joey)"]
[Black "Gaulin, Gaetan"]
[Result "1-0"]
[WhiteElo "2254"]
[BlackElo "1949"]
[PlyCount "67"]
[GameId "2160767909787386"]
[EventDate "2011.03.18"]
[EventType "swiss"]
[EventRounds "5"]
[EventCountry "CAN"]

1. e4 e5 2. Nf3 Nc6 3. Bc4 Nf6 4. d3 Bc5 5. c3 d6 6. Bb3 O-O 7. Bg5 h6 8. Bh4 Qe7 9. Nbd2 Be6 10. Bc2 Bb6 11. Qe2 a5 12. h3 Nb8 13. g4 g5 14. Nxg5 hxg5 15. Bxg5 Nbd7 16. a3 Kg7 17. O-O-O Rh8 18. f4 exf4 19. d4 Qe8 20. Bxf4 Nf8 21. e5 Nd5 22. Bg3 dxe5 23. Bxe5+ f6 24. Bg3 Bf7 25. Ne4 Qd7 26. g5 Ng6 27. gxf6+ Kf8 28. Qf3 Re8 29. c4 Rxe4 30. Bxe4 c6 31. cxd5 Bxd5 32. Bxd5 cxd5 33. Kb1 Kf7 34. Be5 1-0

[Event "Mauricie op"]
[Site "Trois-Rivieres CAN"]
[Date "2011.03.19"]
[Round "3"]
[White "Szalay, Karoly"]
[Black "Miron, Francois"]
[Result "1/2-1/2"]
[WhiteElo "2184"]
[BlackElo "1977"]
[PlyCount "102"]
[GameId "2160767909787388"]
[EventDate "2011.03.18"]
[EventType "swiss"]
[EventRounds "5"]
[EventCountry "CAN"]
[SourceTitle "EXT 2022"]
[Source "ChessBase"]
[SourceDate "2021.10.06"]
[SourceVersion "1"]
[SourceVersionDate "2021.10.06"]
[SourceQuality "1"]

1. e4 c5 2. Nf3 Nc6 3. d4 cxd4 4. Nxd4 Nf6 5. Nc3 e5 6. Ndb5 d6 7. Bg5 a6 8. Na3 b5 9. Nd5 Be7 10. Bxf6 Bxf6 11. c3 O-O 12. Nc2 Bg5 13. a4 Rb8 14. axb5 axb5 15. Bd3 Ne7 16. Nxe7+ Qxe7 17. Nb4 Qb7 18. O-O Rd8 19. Qe2 Bd7 20. Rfd1 Ra8 21. Bc2 Rxa1 22. Rxa1 Be6 23. Bd3 Bd7 24. h3 Rb8 25. Rd1 Be7 26. Bb1 Be6 27. Ba2 Ra8 28. Bd5 Bxd5 29. Rxd5 Rb8 30. Qd1 Qb6 31. Rd3 Bf8 32. Rd5 Be7 33. Qb3 Bh4 34. Rd2 Bg5 35. Rd3 Ra8 36. Nc2 Rb8 37. Qb4 Be7 38. Kf1 Rb7 39. Rd5 Qc6 40. Na3 f5 41. Qb3 Kf8 42. exf5 b4 43. cxb4 Rxb4 44. Qxb4 Qxd5 45. Kg1 Qd1+ 46. Kh2 Qe2 47. Qb8+ Kf7 48. Qb3+ Kf8 49. Kg3 Qe4 50. Qb8+ Kf7 51. Qb3+ Kf8 1/2-1/2

[Event "Mauricie op"]
[Site "Trois-Rivieres CAN"]
[Date "2011.03.19"]
[Round "3"]
[White "Voloaca, Mihnea"]
[Black "Libersan, Thierry"]
[Result "1-0"]
[WhiteElo "2320"]
[BlackElo "2115"]
[PlyCount "85"]
[GameId "2160767909787389"]
[EventDate "2011.03.18"]
[EventType "swiss"]
[EventRounds "5"]
[EventCountry "CAN"]
[SourceTitle "EXT 2022"]
[Source "ChessBase"]
[SourceDate "2021.10.06"]
[SourceVersion "1"]
[SourceVersionDate "2021.10.06"]
[SourceQuality "1"]

1. d4 Nf6 2. c4 g6 3. Nc3 Bg7 4. e4 d6 5. f3 O-O 6. Bg5 Nc6 7. d5 Ne5 8. Qd2 Re8 9. O-O-O a6 10. Kb1 Rb8 11. g4 c5 12. h3 Qa5 13. f4 Ned7 14. Nf3 b5 15. Qe3 h6 16. Bh4 bxc4 17. e5 Nh7 18. Bg3 g5 19. Ka1 gxf4 20. Bxf4 Ng5 21. Bxg5 hxg5 22. e6 Nf8 23. exf7+ Kxf7 24. Nxg5+ Kg8 25. Rh2 Ng6 26. Qe4 Nf8 27. Rc2 Rxb2 28. Kxb2 Qb4+ 29. Kc1 Bxc3 30. Qxc4 Qa3+ 31. Kb1 Bf5 32. Qb3 Qxb3+ 33. axb3 Bxc2+ 34. Kxc2 Bg7 35. Bd3 Nd7 36. Bf5 Ne5 37. Ne6 Bh8 38. g5 Nf3 39. h4 Nxh4 40. Bd3 Be5 41. Rg1 Kf7 42. g6+ Kg8 43. Rg4 1-0

[Event "Mauricie op"]
[Site "Trois-Rivieres CAN"]
[Date "2011.03.20"]
[Round "3"]
[White "Morin, Louis"]
[Black "Pilotte, Benoit"]
[Result "1/2-1/2"]
[WhiteElo "1891"]
[BlackElo "1782"]
[PlyCount "140"]
[GameId "2160767909787390"]
[EventDate "2011.03.18"]
[EventType "swiss"]
[EventRounds "5"]
[EventCountry "CAN"]
[SourceTitle "EXT 2022"]
[Source "ChessBase"]
[SourceDate "2021.10.06"]
[SourceVersion "1"]
[SourceVersionDate "2021.10.06"]
[SourceQuality "1"]

1. e4 g6 2. d4 Bg7 3. Nf3 d6 4. Bc4 e6 5. O-O h6 6. Qe2 a6 7. c3 Nd7 8. Be3 Ne7 9. Nbd2 b6 10. Rad1 Bb7 11. Rfe1 Nf6 12. Qd3 Nxe4 13. Nxe4 d5 14. Ned2 dxc4 15. Qxc4 Nd5 16. Ne5 O-O 17. Ndf3 Nxe3 18. Rxe3 Qd6 19. Rde1 b5 20. Qd3 Bd5 21. b3 Rad8 22. c4 bxc4 23. bxc4 Bxf3 24. Nxf3 Bxd4 25. Nxd4 c5 26. Rxe6 Qxd4 27. Qxd4 cxd4 28. Rxa6 d3 29. c5 Rfe8 30. Rd1 Rc8 31. Rd6 Rxc5 32. R6xd3 Re2 33. a3 Rcc2 34. Rf3 Kf8 35. Kf1 Ra2 36. h4 Re4 37. g3 h5 38. Rd7 Ra1+ 39. Kg2 Re7 40. Rxe7 Kxe7 41. Rb3 Ke6 42. Kf3 Ra2 43. Ke3 Kd5 44. Rb5+ Kc6 45. Ra5 Kb6 46. Ra4 Rc2 47. f3 Rc3+ 48. Kf4 f6 49. g4 hxg4 50. fxg4 Kb5 51. Rb4+ Kc5 52. h5 gxh5 53. gxh5 Rxa3 54. Rb1 Rh3 55. Kg4 Rh2 56. Rf1 Kd6 57. Rxf6+ Ke7 58. Rf1 Ke6 59. Kg5 Rg2+ 60. Kh6 Ke7 61. Kh7 Rg3 62. h6 Rg4 63. Kh8 Rg5 64. h7 Rg6 65. Ra1 Rg3 66. Ra8 Kf7 67. Rg8 Rh3 68. Rg1 Rf3 69. Ra1 Rf5 70. Ra7+ Kf8 1/2-1/2

[Event "Mauricie op"]
[Site "Trois-Rivieres CAN"]
[Date "2011.03.20"]
[Round "4"]
[White "Auger, Bertrand"]
[Black "Fournier, Michael"]
[Result "0-1"]
[WhiteElo "1956"]
[BlackElo "1967"]
[PlyCount "66"]
[GameId "2160767909787391"]
[EventDate "2011.03.18"]
[EventType "swiss"]
[EventRounds "5"]
[EventCountry "CAN"]
[SourceTitle "EXT 2022"]
[Source "ChessBase"]
[SourceDate "2021.10.06"]
[SourceVersion "1"]
[SourceVersionDate "2021.10.06"]
[SourceQuality "1"]

1. d4 Nf6 2. Nf3 e6 3. c4 c5 4. g3 cxd4 5. Qxd4 Nc6 6. Qd3 d5 7. Bg2 Bd7 8. Nc3 Rc8 9. O-O Nb4 10. Qb1 Rxc4 11. a3 Na6 12. Ne5 Rc8 13. Rd1 Bc5 14. Nxd7 Nxd7 15. Na4 Qf6 16. Nxc5 Naxc5 17. Qa2 O-O 18. Be3 b6 19. a4 Rc6 20. Bd4 Qf5 21. b4 Ne4 22. f3 Nd6 23. Rac1 Rfc8 24. Rxc6 Rxc6 25. a5 Rc2 26. e4 Rxa2 27. exf5 Nxf5 28. axb6 Nxb6 29. Ra1 Rxa1+ 30. Bxa1 Ne3 31. Bh3 Nc2 32. Bc3 d4 33. Bb2 Nc4 0-1

[Event "Mauricie op"]
[Site "Trois-Rivieres CAN"]
[Date "2011.03.20"]
[Round "4"]
[White "Deschamps, Martin"]
[Black "Lepine, Cedric"]
[Result "1-0"]
[WhiteElo "1855"]
[BlackElo "1945"]
[PlyCount "89"]
[GameId "2160767909787392"]
[EventDate "2011.03.18"]
[EventType "swiss"]
[EventRounds "5"]
[EventCountry "CAN"]
[SourceTitle "EXT 2022"]
[Source "ChessBase"]
[SourceDate "2021.10.06"]
[SourceVersion "1"]
[SourceVersionDate "2021.10.06"]
[SourceQuality "1"]

1. c4 c5 2. Nc3 g6 3. g3 Bg7 4. Bg2 Nc6 5. Nf3 e6 6. O-O Nge7 7. d4 Nxd4 8. Nxd4 cxd4 9. Nb5 Qb6 10. a4 Nc6 11. c5 Qd8 12. Nd6+ Kf8 13. Bf4 g5 14. Bd2 f5 15. e4 dxe3 16. Qh5 Qe7 17. fxe3 Bf6 18. e4 h6 19. exf5 e5 20. Rae1 b6 21. b4 bxc5 22. bxc5 Ba6 23. Rf2 Rb8 24. Bxc6 dxc6 25. Bc3 Rh7 26. Ne4 Re8 27. Qg6 Bh8 28. f6 Qf7 29. Qxf7+ Rxf7 30. Nd6 Rxf6 31. Nxe8 Rxf2 32. Kxf2 Kxe8 33. Bxe5 Bxe5 34. Rxe5+ Kf7 35. Re4 Kf6 36. Re8 Bc4 37. Rh8 Ke5 38. Rxh6 Kd5 39. Rh5 Kxc5 40. Rxg5+ Kb4 41. h4 Kxa4 42. Rg4 Kb3 43. Rxc4 Kxc4 44. h5 a5 45. h6 1-0

[Event "Mauricie op"]
[Site "Trois-Rivieres CAN"]
[Date "2011.03.20"]
[Round "4"]
[White "Guo, Forest"]
[Black "Morin, Louis"]
[Result "1/2-1/2"]
[WhiteElo "1836"]
[BlackElo "1891"]
[PlyCount "79"]
[GameId "2160767909787394"]
[EventDate "2011.03.18"]
[EventType "swiss"]
[EventRounds "5"]
[EventCountry "CAN"]
[SourceTitle "EXT 2022"]
[Source "ChessBase"]
[SourceDate "2021.10.06"]
[SourceVersion "1"]
[SourceVersionDate "2021.10.06"]
[SourceQuality "1"]

1. e4 e5 2. Nf3 d6 3. d4 Nf6 4. Nc3 Nbd7 5. Bc4 Be7 6. h3 c6 7. a4 O-O 8. O-O exd4 9. Qxd4 Re8 10. Bf4 Nc5 11. Rad1 Be6 12. Bh2 Bf8 13. Bxe6 Rxe6 14. e5 Ne8 15. exd6 Bxd6 16. Bxd6 Qxd6 17. Qc4 Qe7 18. Rfe1 Rxe1+ 19. Rxe1 Ne6 20. Nd4 Qc5 21. Qxc5 Nxc5 22. b3 Nf6 23. Kf1 Kf8 24. Nf3 Re8 25. Rd1 Nce4 26. Nxe4 Nxe4 27. Rd7 Nc5 28. Rc7 Re7 29. Rc8+ Re8 30. Rc7 a5 31. Nd4 Rd8 32. Nf5 g6 33. Ne3 Rd7 34. Rc8+ Ke7 35. Nc4 Rd1+ 36. Ke2 Rc1 37. Kd2 Rf1 38. Ke2 Rc1 39. Kd2 Rf1 40. Ke2 1/2-1/2

[Event "Mauricie op"]
[Site "Trois-Rivieres CAN"]
[Date "2011.03.20"]
[Round "4"]
[White "Lemieux, Serge"]
[Black "Doubleday, William"]
[Result "0-1"]
[WhiteElo "1672"]
[BlackElo "2100"]
[PlyCount "66"]
[GameId "2160767909787398"]
[EventDate "2011.03.18"]
[EventType "swiss"]
[EventRounds "5"]
[EventCountry "CAN"]
[SourceTitle "EXT 2022"]
[Source "ChessBase"]
[SourceDate "2021.10.06"]
[SourceVersion "1"]
[SourceVersionDate "2021.10.06"]
[SourceQuality "1"]

1. d4 d5 2. c4 e5 3. dxe5 d4 4. e4 Nc6 5. f4 f6 6. exf6 Nxf6 7. Bd3 Bb4+ 8. Bd2 O-O 9. Nf3 Ng4 10. O-O Bxd2 11. Qxd2 Ne3 12. Re1 Rxf4 13. Rxe3 dxe3 14. Qxe3 Rf8 15. Nc3 Bg4 16. Nd5 Bxf3 17. gxf3 Ne5 18. Be2 c6 19. Nf4 Qg5+ 20. Ng2 Qxe3+ 21. Nxe3 Nxf3+ 22. Bxf3 Rxf3 23. Nf5 g6 24. Nh6+ Kg7 25. Ng4 Rd8 26. b3 Rd2 27. Re1 h5 28. Ne3 Rff2 29. e5 Rfe2 30. Kf1 Rxh2 31. Kg1 Rhe2 32. Kf1 Rxe1+ 33. Kxe1 Rxa2 0-1

[Event "Mauricie op"]
[Site "Trois-Rivieres CAN"]
[Date "2011.03.20"]
[Round "4"]
[White "Libersan, Thierry"]
[Black "Pepin, Christian"]
[Result "1-0"]
[WhiteElo "2115"]
[BlackElo "1933"]
[PlyCount "75"]
[GameId "2160767909787399"]
[EventDate "2011.03.18"]
[EventType "swiss"]
[EventRounds "5"]
[EventCountry "CAN"]
[SourceTitle "EXT 2022"]
[Source "ChessBase"]
[SourceDate "2021.10.06"]
[SourceVersion "1"]
[SourceVersionDate "2021.10.06"]
[SourceQuality "1"]

1. c4 c5 2. Nf3 Nc6 3. d4 cxd4 4. Nxd4 Nf6 5. Nc3 e6 6. Ndb5 d6 7. Bf4 e5 8. Bg5 a6 9. Na3 Be7 10. g3 Qb6 11. Na4 Qa5+ 12. Bd2 Qc7 13. Bg2 O-O 14. O-O Be6 15. Bg5 h6 16. Bxf6 Bxf6 17. Qd2 Nd4 18. e3 Bh3 19. Nc3 Bxg2 20. Kxg2 Ne6 21. Nd5 Qc6 22. f3 Bd8 23. Rfd1 Qd7 24. Rac1 Ng5 25. Qe2 Qh3+ 26. Kh1 f5 27. Nb1 e4 28. f4 Nf3 29. Nd2 Qh5 30. Rf1 g5 31. Nxf3 exf3 32. Qxf3 Qxf3+ 33. Rxf3 g4 34. Rf2 Kf7 35. e4 fxe4 36. Re1 Re8 37. Rfe2 Bf6 38. Nc7 1-0

[Event "Mauricie op"]
[Site "Trois-Rivieres CAN"]
[Date "2011.03.20"]
[Round "4"]
[White "Luksza, Arkadiusz"]
[Black "Djerkovic, Miladin"]
[Result "1/2-1/2"]
[WhiteElo "2189"]
[BlackElo "2280"]
[PlyCount "124"]
[GameId "2160767909787400"]
[EventDate "2011.03.18"]
[EventType "swiss"]
[EventRounds "5"]
[EventCountry "CAN"]
[SourceTitle "EXT 2022"]
[Source "ChessBase"]
[SourceDate "2021.10.06"]
[SourceVersion "1"]
[SourceVersionDate "2021.10.06"]
[SourceQuality "1"]

1. g3 d5 2. Nf3 Nf6 3. Bg2 Nbd7 4. d4 e6 5. O-O c5 6. c4 dxc4 7. Qa4 a6 8. Qxc4 b5 9. Qc2 Bb7 10. a4 Rc8 11. axb5 axb5 12. Qb3 Qb6 13. Be3 Nd5 14. Nc3 Nxe3 15. fxe3 b4 16. Na4 Qb5 17. dxc5 Bd5 18. Nc3 Nxc5 19. Nxb5 Nxb3 20. Rad1 Bc4 21. Nbd4 Bc5 22. Ne5 Bxd4 23. Nxc4 Rxc4 24. exd4 Nxd4 25. Rd2 Ke7 26. Rf4 Rd8 27. Kf2 e5 28. Re4 f6 29. b3 Rc2 30. Rxc2 Nxc2 31. Rc4 Rd2 32. Be4 Nd4 33. Bd3 Nxb3 34. Rxb4 Nd4 35. Rb7+ Kf8 36. Rb8+ Ke7 37. Rb7+ Kd6 38. Rxg7 e4 39. Rg4 f5 40. Rh4 Kc5 41. Ba6 Ra2 42. Rh6 Nc6 43. Bc8 Nd4 44. Bxf5 Rxe2+ 45. Kf1 e3 46. Bg4 Rf2+ 47. Kg1 Rf7 48. Rh5+ Kc4 49. Re5 Kd3 50. Kg2 e2 51. h4 Kd2 52. Bxe2 Nxe2 53. h5 Rg7 54. Kf2 Nxg3 55. h6 Nh1+ 56. Kf1 Rg6 57. Re7 Ng3+ 58. Kf2 Nh1+ 59. Kf1 Ng3+ 60. Kf2 Nf5 61. Rxh7 Nxh6 62. Rd7+ Kc3 1/2-1/2

[Event "Mauricie op"]
[Site "Trois-Rivieres CAN"]
[Date "2011.03.20"]
[Round "4"]
[White "Miron, Francois"]
[Black "Plante, Michel"]
[Result "1/2-1/2"]
[WhiteElo "1977"]
[BlackElo "2135"]
[PlyCount "66"]
[GameId "2160767909787401"]
[EventDate "2011.03.18"]
[EventType "swiss"]
[EventRounds "5"]
[EventCountry "CAN"]
[SourceTitle "EXT 2022"]
[Source "ChessBase"]
[SourceDate "2021.10.06"]
[SourceVersion "1"]
[SourceVersionDate "2021.10.06"]
[SourceQuality "1"]

1. e4 d6 2. d4 Nf6 3. Nc3 Nbd7 4. f4 e5 5. Nf3 exd4 6. Qxd4 c6 7. Be3 d5 8. e5 Ng4 9. Bg1 Bc5 10. Qd2 Bxg1 11. Rxg1 h5 12. O-O-O Nc5 13. h3 Nh6 14. Nd4 Ne6 15. Nxe6 Bxe6 16. Bd3 Qd7 17. Qe2 O-O-O 18. Qf2 Kb8 19. Na4 b6 20. Rgf1 g6 21. Qe2 h4 22. Rf3 Nf5 23. Bxf5 Bxf5 24. Rb3 Kc7 25. Qa6 Ra8 26. Nxb6 axb6 27. Qxb6+ Kc8 28. Rc3 Qb7 29. Rxc6+ Kb8 30. Qc5 Rc8 31. Qd6+ Ka7 32. Qc5+ Kb8 33. Qd6+ Ka7 1/2-1/2

[Event "Mauricie op"]
[Site "Trois-Rivieres CAN"]
[Date "2011.03.20"]
[Round "4"]
[White "Ramaswamy, Kishor"]
[Black "Roy, Myriam"]
[Result "0-1"]
[WhiteElo "2215"]
[BlackElo "2055"]
[PlyCount "80"]
[GameId "2160767909787404"]
[EventDate "2011.03.18"]
[EventType "swiss"]
[EventRounds "5"]
[EventCountry "CAN"]
[SourceTitle "EXT 2022"]
[Source "ChessBase"]
[SourceDate "2021.10.06"]
[SourceVersion "1"]
[SourceVersionDate "2021.10.06"]
[SourceQuality "1"]

1. d4 d5 2. Nf3 Nf6 3. Bf4 c6 4. e3 Bf5 5. c4 e6 6. Nc3 Nbd7 7. Qb3 Qb6 8. c5 Qxb3 9. axb3 Nh5 10. b4 Nxf4 11. exf4 Be7 12. b5 O-O 13. b4 f6 14. bxc6 bxc6 15. b5 Rfc8 16. bxc6 Nb8 17. Nh4 Bg4 18. Ba6 Nxa6 19. Rxa6 e5 20. Nxd5 Bf8 21. Ne3 Bh5 22. fxe5 fxe5 23. d5 Bxc5 24. Nf3 Rd8 25. c7 Rd7 26. g4 Bxe3 27. fxe3 Bxg4 28. Nxe5 Rxc7 29. O-O Be2 30. Rfa1 Bxa6 31. Rxa6 Re8 32. Nc6 Rd7 33. Kf2 Rxd5 34. Rxa7 Rd2+ 35. Kg3 Rxe3+ 36. Kf4 Re8 37. Ne7+ Kf8 38. Nf5 Rf2+ 39. Kg4 Re4+ 40. Kg5 h6+ 0-1

[Event "Mauricie op"]
[Site "Trois-Rivieres CAN"]
[Date "2011.03.20"]
[Round "4"]
[White "Robichaud, Louis"]
[Black "Drolet, Stephane"]
[Result "1-0"]
[WhiteElo "2069"]
[BlackElo "2221"]
[PlyCount "95"]
[GameId "2160767909787405"]
[EventDate "2011.03.18"]
[EventType "swiss"]
[EventRounds "5"]
[EventCountry "CAN"]
[SourceTitle "EXT 2022"]
[Source "ChessBase"]
[SourceDate "2021.10.06"]
[SourceVersion "1"]
[SourceVersionDate "2021.10.06"]
[SourceQuality "1"]

1. e4 e6 2. d3 d5 3. Nd2 Nf6 4. Ngf3 dxe4 5. dxe4 Bc5 6. Be2 e5 7. O-O Nc6 8. c3 a5 9. Qc2 Qe7 10. Nc4 b6 11. Bg5 Ba6 12. a4 Qe6 13. Nfd2 h6 14. Bh4 g5 15. Bg3 h5 16. h4 Ng4 17. Qd3 gxh4 18. Bxh4 Be7 19. Qh3 Bc5 20. Rad1 f6 21. Qf3 Ne7 22. Ne3 Bxe2 23. Qxe2 Bxe3 24. fxe3 O-O-O 25. Qa6+ Kb8 26. Nc4 Qc6 27. b4 Ng6 28. Rxd8+ Rxd8 29. bxa5 Nxh4 30. axb6 Qb7 31. bxc7+ Kxc7 32. Qa5+ Kc8 33. Nb6+ Kc7 34. Nd5+ Kd7 35. Nxf6+ Kc8 36. Nxg4 Qxe4 37. Qc5+ Kb8 38. Qb6+ Kc8 39. Rf2 hxg4 40. Qc5+ Kd7 41. Rf7+ Ke6 42. Qe7+ Kd5 43. Qb7+ Ke6 44. Qxe4 Kxf7 45. Qh7+ Ke6 46. Qxh4 Rg8 47. Qh7 Rd8 48. Qg6+ 1-0

[Event "Mauricie op"]
[Site "Trois-Rivieres CAN"]
[Date "2011.03.20"]
[Round "4"]
[White "Szalay, Karoly"]
[Black "Allard, Laurent"]
[Result "1-0"]
[WhiteElo "2184"]
[BlackElo "1865"]
[PlyCount "97"]
[GameId "2160767909787407"]
[EventDate "2011.03.18"]
[EventType "swiss"]
[EventRounds "5"]
[EventCountry "CAN"]
[SourceTitle "EXT 2022"]
[Source "ChessBase"]
[SourceDate "2021.10.06"]
[SourceVersion "1"]
[SourceVersionDate "2021.10.06"]
[SourceQuality "1"]

1. e4 c5 2. Nf3 d6 3. d4 cxd4 4. Nxd4 Nf6 5. Nc3 g6 6. Be3 Bg7 7. f3 O-O 8. Qd2 Nc6 9. Bc4 Bd7 10. O-O-O Qa5 11. Kb1 Rfc8 12. Bb3 Ne5 13. Bg5 Nc4 14. Bxc4 Rxc4 15. Nb3 Qa6 16. Bxf6 Bxf6 17. Nd5 Be6 18. Nxf6+ exf6 19. Qxd6 Qxd6 20. Rxd6 Kf8 21. Rhd1 Ke7 22. R6d4 Rc7 23. Nd2 Rd8 24. Nf1 Rxd4 25. Rxd4 f5 26. exf5 Bxf5 27. Ne3 Be6 28. c4 h5 29. b4 a5 30. a3 axb4 31. axb4 b6 32. Kb2 Ra7 33. Nd5+ Bxd5 34. Rxd5 Rc7 35. Kc3 Ke6 36. Kd4 Rc6 37. Re5+ Kd7 38. h4 Rf6 39. c5 bxc5+ 40. Kxc5 Rc6+ 41. Kb5 Rc2 42. g4 Rh2 43. gxh5 Rxh4 44. hxg6 fxg6 45. Rc5 Rf4 46. Rc3 Rf8 47. Ka6 Rf6+ 48. Ka5 Rf5+ 49. b5 1-0

[Event "Mauricie op"]
[Site "Trois-Rivieres CAN"]
[Date "2011.03.20"]
[Round "5"]
[White "Allard, Laurent"]
[Black "Dumont, Felix"]
[Result "1/2-1/2"]
[WhiteElo "1865"]
[BlackElo "1989"]
[PlyCount "78"]
[GameId "2160767909787408"]
[EventDate "2011.03.18"]
[EventType "swiss"]
[EventRounds "5"]
[EventCountry "CAN"]
[SourceTitle "EXT 2022"]
[Source "ChessBase"]
[SourceDate "2021.10.06"]
[SourceVersion "1"]
[SourceVersionDate "2021.10.06"]
[SourceQuality "1"]

1. e4 c5 2. Nf3 d6 3. d4 cxd4 4. Nxd4 Nf6 5. Nc3 Nc6 6. Bg5 e6 7. Qd2 Be7 8. f3 a6 9. h4 Bd7 10. O-O-O b5 11. Kb1 b4 12. Nce2 Qc7 13. g4 Rc8 14. Be3 Nxd4 15. Nxd4 Ba4 16. h5 e5 17. Nb3 a5 18. g5 Nd7 19. Bh3 Bb5 20. g6 Bc4 21. h6 gxh6 22. gxh7 Rxh7 23. Bf5 Rh8 24. Rxh6 Rxh6 25. Bxh6 Be6 26. Bxe6 fxe6 27. Rg1 Nf6 28. Bg5 Kd7 29. Nc1 Rh8 30. Nd3 Kc8 31. Rc1 Kb7 32. c3 b3 33. axb3 Qb6 34. Kc2 Rh3 35. Qg2 Rh8 36. Bxf6 Bxf6 37. Qg6 Rf8 38. Qh6 Rf7 39. Qg6 Rf8 1/2-1/2

[Event "Mauricie op"]
[Site "Trois-Rivieres CAN"]
[Date "2011.03.20"]
[Round "5"]
[White "Carrier, Claude"]
[Black "Luksza, Arkadiusz"]
[Result "0-1"]
[WhiteElo "1941"]
[BlackElo "2189"]
[PlyCount "124"]
[GameId "2160767909787410"]
[EventDate "2011.03.18"]
[EventType "swiss"]
[EventRounds "5"]
[EventCountry "CAN"]
[SourceTitle "EXT 2022"]
[Source "ChessBase"]
[SourceDate "2021.10.06"]
[SourceVersion "1"]
[SourceVersionDate "2021.10.06"]
[SourceQuality "1"]

1. e4 c5 2. Nf3 Nc6 3. d4 cxd4 4. Nxd4 g6 5. Nc3 Bg7 6. Be3 Nf6 7. Bc4 O-O 8. Bb3 d6 9. f3 a5 10. Qd2 Nxd4 11. Bxd4 Bd7 12. a4 Be6 13. Nd5 Bxd5 14. exd5 Nd7 15. O-O Rc8 16. Bxg7 Kxg7 17. Qd4+ Kg8 18. Kh1 Qb6 19. Qxb6 Nxb6 20. Rfe1 Rfe8 21. Rad1 Rc5 22. c3 Rc7 23. Rd4 Kf8 24. h4 h5 25. g4 hxg4 26. fxg4 Nd7 27. h5 Ne5 28. Rf1 Kg7 29. hxg6 fxg6 30. Kg2 Rcc8 31. Bd1 Rh8 32. Be2 Rh4 33. Rh1 Rxh1 34. Kxh1 Kh6 35. Kg2 Kg5 36. Kg3 Rf8 37. Re4 b6 38. b3 Rh8 39. b4 Rh1 40. bxa5 bxa5 41. c4 Rc1 42. Kf2 Kf6 43. Rf4+ Kg7 44. Re4 g5 45. Ke3 Kf6 46. Kd2 Ra1 47. Bd1 Ra3 48. Bc2 Rf3 49. Bd1 Rf4 50. Rxf4+ gxf4 51. Kc3 f3 52. Kd4 f2 53. Be2 Nxg4 54. c5 dxc5+ 55. Kxc5 Ke5 56. Kb5 Ne3 57. Kxa5 f1=Q 58. Bxf1 Nxf1 59. Kb5 Kd6 60. a5 Ne3 61. a6 Nxd5 62. a7 Nc7+ 0-1

[Event "Mauricie op"]
[Site "Trois-Rivieres CAN"]
[Date "2011.03.20"]
[Round "5"]
[White "Djerkovic, Miladin"]
[Black "Libersan, Thierry"]
[Result "1/2-1/2"]
[WhiteElo "2280"]
[BlackElo "2115"]
[PlyCount "76"]
[GameId "2160767909787412"]
[EventDate "2011.03.18"]
[EventType "swiss"]
[EventRounds "5"]
[EventCountry "CAN"]
[SourceTitle "EXT 2022"]
[Source "ChessBase"]
[SourceDate "2021.10.06"]
[SourceVersion "1"]
[SourceVersionDate "2021.10.06"]
[SourceQuality "1"]

1. e4 c5 2. Nc3 Nc6 3. Bb5 e6 4. Bxc6 bxc6 5. f4 d5 6. d3 Nf6 7. e5 d4 8. exf6 dxc3 9. bxc3 Qxf6 10. Bd2 Qh4+ 11. g3 Qd8 12. c4 Bd6 13. Bc3 O-O 14. Nf3 f6 15. O-O Re8 16. Qd2 Rb8 17. Rae1 Rb7 18. Re3 Rbe7 19. Rfe1 Qc7 20. Qe2 Qb8 21. h4 e5 22. fxe5 Bg4 23. Re4 Bxf3 24. Qxf3 Bxe5 25. Bxe5 Rxe5 26. Rxe5 Rxe5 27. Rxe5 Qxe5 28. Kg2 Qe6 29. Kf2 Kf7 30. Qh5+ Kg8 31. Qxc5 a6 32. a4 g6 33. Qe3 Qd6 34. c5 Qd5 35. c4 Qf5+ 36. Ke2 Kf7 37. Kd2 h5 38. d4 g5 1/2-1/2